000 00462nam a2200181Ia 4500
001 17725
005 20260306171538.0
008 260306s9999||||xx |||||||||||||| ||und||
041 _aESP
082 _a658.15
_bP69
100 _aPoblación García, Francisco Javier
_eAUT
245 0 _aLa gestión del riesgo en empresas industriales
260 _c2013
300 _a292 páginas :
_c24 cm.
650 _aGEN
654 _aCAN
942 _cLIB
_dJUS
_fJUS
_2ddc
_n
999 _c17725
_d17725